[Event "Politiken Cup 2008"]
[Site "Helsingør DEN"]
[Date "2008.07.21"]
[Round "4.138"]
[White "Nielsen, Bjørn"]
[Black "Linnemann, Lars"]
[Result "0-1"]
[WhiteElo "1091"]
[BlackElo "1626"]
[PlyCount "108"]
[EventDate "2008.07.20"]
[EventType "swiss"]
[EventRounds "9"]
[EventCountry "DEN"]
[Source "lmi"]
[SourceDate "2008.07.20"]
[WhiteTeam "KS"]
[BlackTeam "Øbro"]

1. e4 c5 2. Bc4 e6 3. Nf3 Nc6 4. O-O d5 5. exd5 exd5 6. Be2 Nf6 7. d4 c4 8. Nc3
Be7 9. Be3 O-O 10. b3 Bb4 11. Bd2 Qa5 12. Nb1 b5 13. a3 Bxd2 14. Nfxd2 Nxd4 15.
b4 Qb6 16. c3 Nxe2+ 17. Qxe2 Bg4 18. Nf3 Ne4 19. Qe3 Qf6 20. Nd4 Bd7 21. Nd2
Rfe8 22. Nxe4 Rxe4 23. Qf3 Qd6 24. Qg3 Qxg3 25. fxg3 Rae8 26. h3 Re3 27. Rf3 a6
28. Rc1 Rxf3 29. Nxf3 h5 30. Kf2 g6 31. Rd1 Be6 32. Rd4 Kg7 33. Nh2 a5 34. g4
axb4 35. axb4 Ra8 36. Rd2 Ra3 37. Rc2 hxg4 38. Nxg4 Bf5 39. Rc1 Ra2+ 40. Kg3
Bxg4 41. hxg4 Rd2 42. Kf3 d4 43. cxd4 Rxd4 44. Rc3 Kf6 45. g3 Kg5 46. Re3 Rd3
47. Ke4 Rxe3+ 48. Kxe3 Kxg4 49. Kd4 Kxg3 50. Kc5 c3 51. Kxb5 c2 52. Ka6 c1=Q
53. b5 Qc8+ 54. Ka7 Qc7+ 0-1

[Event "Politiken Cup 2008"]
[Site "Helsingør DEN"]
[Date "2008.07.21"]
[Round "4.139"]
[White "Hein, Jacob"]
[Black "Bräuner, Benjamin"]
[Result "0-1"]
[WhiteElo "1603"]
[BlackElo "1147"]
[PlyCount "44"]
[EventDate "2008.07.20"]
[EventType "swiss"]
[EventRounds "9"]
[EventCountry "DEN"]
[Source "lmi"]
[SourceDate "2008.07.20"]
[WhiteTeam "Espergærde"]
[BlackTeam "BMS"]

1. e4 e5 2. Nf3 Nc6 3. Bb5 Nf6 4. O-O Bc5 5. Bxc6 dxc6 6. Nxe5 Qe7 7. Nd3 Bg4
8. Qe1 Bb6 9. e5 Nd7 10. Nc3 O-O-O 11. a4 a5 12. Qe4 Qh4 13. h3 f5 14. exf6
Nxf6 15. Qc4 Rd4 16. Qf7 Rd7 17. Qa2 Re8 18. Kh2 Be6 19. Qa3 Rxd3 20. cxd3 Ng4+
21. Kg1 Bxf2+ 22. Kh1 Qg3 0-1

[Event "Politiken Cup 2008"]
[Site "Helsingør DEN"]
[Date "2008.07.22"]
[Round "5.5"]
[White "Roiz, Michael"]
[Black "Socko, Monika"]
[Result "1-0"]
[WhiteElo "2680"]
[BlackElo "2473"]
[PlyCount "83"]
[EventDate "2008.07.20"]
[EventType "swiss"]
[EventRounds "9"]
[EventCountry "DEN"]
[Source "lmi"]
[SourceDate "2008.07.20"]

1. Nf3 Nf6 2. c4 e6 3. g3 a6 4. Qa4 Be7 5. Bg2 O-O 6. O-O d5 7. d4 Bd7 8. Qc2
dxc4 9. Qxc4 Bb5 10. Qc2 Nc6 11. Nc3 Nb4 12. Qb1 Be8 13. Rd1 a5 14. e4 c6 15.
Bf4 Nh5 16. Be3 Nf6 17. h3 Rc8 18. a3 Na6 19. Qc2 Kh8 20. Rac1 h6 21. Qe2 b5
22. Ne5 Nc7 23. g4 Nh7 24. Rc2 f6 25. Nd3 f5 26. f3 Bd6 27. Rcd2 Ng5 28. e5 Be7
29. f4 Nh7 30. Nc5 Rb8 31. b4 a4 32. gxf5 Rxf5 33. Bf3 Bxc5 34. dxc5 Qe7 35.
Qg2 Rf8 36. Bg4 g5 37. Rd6 Bf7 38. fxg5 Nxg5 39. Rf1 Bg6 40. Rf6 Kh7 41. Bxg5
hxg5 42. Qxc6 1-0

[Event "Politiken Cup 2008"]
[Site "Helsingør DEN"]
[Date "2008.07.22"]
[Round "5.8"]
[White "Mchedlishvili, Mikheil"]
[Black "Kurmann, Oliver"]
[Result "1-0"]
[WhiteElo "2604"]
[BlackElo "2394"]
[PlyCount "47"]
[EventDate "2008.07.20"]
[EventType "swiss"]
[EventRounds "9"]
[EventCountry "DEN"]
[Source "lmi"]
[SourceDate "2008.07.20"]
[BlackTeam "SK Luzern"]

1. c4 e5 2. Nc3 Nc6 3. g3 Bc5 4. Bg2 a6 5. e3 d6 6. Nge2 Ba7 7. O-O h5 8. Nd5
h4 9. b4 Nge7 10. d4 f6 11. Nxe7 Qxe7 12. c5 Qf7 13. Nc3 Qg6 14. Nd5 Kd8 15. a4
Ne7 16. Nxc7 Kxc7 17. cxd6+ Kxd6 18. dxe5+ Kxe5 19. Qb3 Kd6 20. Rd1+ Kc7 21. e4
Bd7 22. Bf4+ Kd8 23. Bh3 f5 24. Rd6 1-0

[Event "Politiken Cup 2008"]
[Site "Helsingør DEN"]
[Date "2008.07.22"]
[Round "5.10"]
[White "Hedman, Erik"]
[Black "Kuzubov, Yuriy"]
[Result "0-1"]
[WhiteElo "2363"]
[BlackElo "2578"]
[PlyCount "54"]
[EventDate "2008.07.20"]
[EventType "swiss"]
[EventRounds "9"]
[EventCountry "DEN"]
[Source "lmi"]
[SourceDate "2008.07.20"]
[WhiteTeam "SK Rokaden"]

1. e4 c5 2. Nf3 d6 3. d4 cxd4 4. Nxd4 Nf6 5. Nc3 a6 6. Be2 g6 7. f4 Bg7 8. Be3
O-O 9. Nb3 Nbd7 10. g4 b5 11. g5 Ne8 12. Qd2 Bb7 13. Bf3 b4 14. Nd1 a5 15. a4
e5 16. Bg2 exf4 17. Bxf4 Nb6 18. Nd4 Nc4 19. Qf2 Nc7 20. O-O Ne6 21. Nxe6 fxe6
22. Qg3 Qb6+ 23. Kh1 e5 24. Qb3 exf4 25. Qxc4+ Kh8 26. Qb5 Qc7 27. Rf2 Qe7 0-1

[Event "Politiken Cup 2008"]
[Site "Helsingør DEN"]
[Date "2008.07.22"]
[Round "5.11"]
[White "Ashwin, Jayaram"]
[Black "Kogan, Artur"]
[Result "1/2-1/2"]
[WhiteElo "2436"]
[BlackElo "2569"]
[PlyCount "61"]
[EventDate "2008.07.20"]
[EventType "swiss"]
[EventRounds "9"]
[EventCountry "DEN"]
[Source "lmi"]
[SourceDate "2008.07.20"]

1. e4 c5 2. Nf3 e6 3. d4 cxd4 4. Nxd4 Nf6 5. Nc3 Nc6 6. Ndb5 Bb4 7. a3 Bxc3+ 8.
Nxc3 d5 9. exd5 exd5 10. Qe2+ Be6 11. Bg5 d4 12. Ne4 Qa5+ 13. Bd2 Qe5 14. Nxf6+
Qxf6 15. Qe4 Qe5 16. Bd3 Bd5 17. Qxe5+ Nxe5 18. O-O Nxd3 19. cxd3 Kd7 20. Bf4
f6 21. Rfc1 Rac8 22. f3 Bb3 23. Kf1 Rhe8 24. Rxc8 Rxc8 25. Rc1 Bc2 26. Ke1 Bxd3
27. Rxc8 Kxc8 28. Bd6 b6 29. Bf8 Kd7 30. Bxg7 Ke6 31. g4 1/2-1/2

[Event "Politiken Cup 2008"]
[Site "Helsingør DEN"]
[Date "2008.07.22"]
[Round "5.12"]
[White "Carlstedt, Jonathan"]
[Black "Iljushin, Alexei"]
[Result "0-1"]
[WhiteElo "2203"]
[BlackElo "2546"]
[PlyCount "152"]
[EventDate "2008.07.20"]
[EventType "swiss"]
[EventRounds "9"]
[EventCountry "DEN"]
[Source "lmi"]
[SourceDate "2008.07.20"]
[WhiteTeam "SK Marmsdorf"]

1. c4 c5 2. Nf3 Nc6 3. g3 e5 4. Nc3 g6 5. Bg2 Bg7 6. O-O d6 7. d3 Nge7 8. Ne1
Be6 9. Nd5 O-O 10. Rb1 a5 11. a3 Rb8 12. Nxe7+ Qxe7 13. Nc2 Qd7 14. b4 cxb4 15.
axb4 b5 16. cxb5 Rxb5 17. Bd2 axb4 18. Nxb4 Nxb4 19. Rxb4 Rxb4 20. Bxb4 Rb8 21.
Qd2 d5 22. Bc5 h5 23. d4 e4 24. Qf4 Rb2 25. e3 Bg4 26. Qd6 Qf5 27. h3 Be2 28.
Ra1 Bc4 29. Qf4 Qxf4 30. gxf4 Bf6 31. Ba3 Rc2 32. Rc1 Ra2 33. Bb4 Bh4 34. Be1
Bb5 35. f3 Bxe1 36. Rxe1 f5 37. fxe4 dxe4 38. h4 Kf7 39. Rc1 Ke6 40. Bf1 Bd3
41. Rc6+ Kd5 42. Rc5+ Kd6 43. Rc1 Ke6 44. Rc6+ Kd7 45. Rc1 Kd6 46. Re1 Bxf1 47.
Kxf1 Rh2 48. Kg1 Rxh4 49. Kg2 Rg4+ 50. Kh3 h4 51. Re2 Ke6 52. Re1 Kf6 53. Re2
g5 54. fxg5+ Kxg5 55. d5 Rg3+ 56. Kh2 Kf6 57. d6 Ke6 58. Rd2 Kd7 59. Rd5 Rf3
60. Kg2 h3+ 61. Kg1 Rg3+ 62. Kh2 Rxe3 63. Rxf5 Kxd6 64. Ra5 Rf3 65. Kg1 e3 66.
Ra6+ Ke5 67. Ra8 Kf4 68. Rf8+ Ke4 69. Re8+ Kd3 70. Rd8+ Kc2 71. Rc8+ Kd2 72.
Rd8+ Ke1 73. Ra8 e2 74. Ra1+ Kd2 75. Ra2+ Ke3 76. Ra1 Rf1+ 0-1

[Event "Politiken Cup 2008"]
[Site "Helsingør DEN"]
[Date "2008.07.22"]
[Round "5.13"]
[White "Socko, Bartosz"]
[Black "Sylvan, Jacob"]
[Result "1-0"]
[WhiteElo "2628"]
[BlackElo "2250"]
[PlyCount "71"]
[EventDate "2008.07.20"]
[EventType "swiss"]
[EventRounds "9"]
[EventCountry "DEN"]
[Source "lmi"]
[SourceDate "2008.07.20"]
[BlackTeam "Odysseus"]

1. e4 c5 2. Nf3 d6 3. d4 cxd4 4. Nxd4 Nf6 5. Nc3 g6 6. Be3 Bg7 7. f3 O-O 8. Qd2
Nc6 9. Bc4 Bd7 10. O-O-O Rc8 11. Bb3 Ne5 12. Kb1 Nc4 13. Bxc4 Rxc4 14. g4 Be6
15. h4 Qa5 16. h5 Rfc8 17. Nb3 Qa6 18. hxg6 fxg6 19. Bd4 b5 20. g5 Nh5 21. Bxg7
Kxg7 22. Nd5 Bxd5 23. Qxd5 Rf8 24. Nd4 Nf4 25. Ne6+ Nxe6 26. Qxe6 Rc7 27. Qh3
Rh8 28. Rd2 Qc8 29. Qh6+ Kf7 30. Qh2 Rc6 31. f4 Qe6 32. Qg2 Kg7 33. Rh6 Rc4 34.
Re2 Qf7 35. f5 Rf8 36. Qh1 1-0

[Event "Politiken Cup 2008"]
[Site "Helsingør DEN"]
[Date "2008.07.22"]
[Round "5.16"]
[White "Hector, Jonny"]
[Black "Rabus, Berthold"]
[Result "1-0"]
[WhiteElo "2537"]
[BlackElo "2198"]
[PlyCount "39"]
[EventDate "2008.07.20"]
[EventType "swiss"]
[EventRounds "9"]
[EventCountry "DEN"]
[Source "lmi"]
[SourceDate "2008.07.20"]
[WhiteTeam "Nordkalotten"]
[BlackTeam "SC Grunbach"]

1. e4 c5 2. Nf3 d6 3. d4 cxd4 4. Nxd4 Nf6 5. Nc3 a6 6. Bg5 e6 7. f4 Be7 8. Qf3
Qc7 9. O-O-O Nbd7 10. g4 b5 11. Bxf6 Bxf6 12. Bxb5 axb5 13. Ndxb5 Qc6 14. Rxd6
Qb7 15. Rxe6+ fxe6 16. Nd6+ Kd8 17. Nxb7+ Bxb7 18. Rd1 Rc8 19. Nb5 Bc6 20. Na7
1-0

[Event "Politiken Cup 2008"]
[Site "Helsingør DEN"]
[Date "2008.07.22"]
[Round "5.17"]
[White "Hillarp Persson, Tiger"]
[Black "Nguyen, Michael"]
[Result "1/2-1/2"]
[WhiteElo "2526"]
[BlackElo "2174"]
[PlyCount "59"]
[EventDate "2008.07.20"]
[EventType "swiss"]
[EventRounds "9"]
[EventCountry "DEN"]
[Source "lmi"]
[SourceDate "2008.07.20"]
[WhiteTeam "Brønshøj"]
[BlackTeam "Rokaden"]

1. e4 c6 2. d4 d5 3. e5 Bf5 4. g4 Be4 5. f3 Bg6 6. Ne2 e6 7. h4 h5 8. Nf4 Ne7
9. Nc3 Nd7 10. Bd3 Bxd3 11. Qxd3 g6 12. Bd2 a6 13. Nce2 c5 14. c3 Qc7 15. gxh5
gxh5 16. Ng3 O-O-O 17. Nfxh5 Nxe5 18. dxe5 Qxe5+ 19. Qe2 Rxh5 20. Nxh5 Qxh5 21.
Bg5 Rd7 22. O-O-O Nf5 23. Qg2 Bg7 24. Qg4 Qh8 25. Rh2 Be5 26. Re2 f6 27. Bf4
Rg7 28. Bxe5 Rxg4 29. fxg4 Qh6+ 30. Kb1 1/2-1/2

[Event "Politiken Cup 2008"]
[Site "Helsingør DEN"]
[Date "2008.07.22"]
[Round "5.18"]
[White "Plukkel, Sjoerd"]
[Black "Kristiansen, Jens"]
[Result "0-1"]
[WhiteElo "2215"]
[BlackElo "2441"]
[PlyCount "38"]
[EventDate "2008.07.20"]
[EventType "swiss"]
[EventRounds "9"]
[EventCountry "DEN"]
[Source "lmi"]
[SourceDate "2008.07.20"]
[WhiteTeam "SV De Wijker Toren"]
[BlackTeam "Bornholm"]

1. e4 g6 2. d4 Bg7 3. Be3 d6 4. Nf3 Nf6 5. Nc3 a6 6. a4 b6 7. Bc4 O-O 8. O-O e6
9. e5 dxe5 10. dxe5 Ng4 11. Bf4 Nd7 12. Qd4 Ngxe5 13. Nxe5 Nxe5 14. Qe4 Bb7 15.
Qxb7 Nxc4 16. Bxc7 Qc8 17. Qc6 Nxb2 18. Qxb6 Bxc3 19. Qc5 Bg7 0-1

[Event "Politiken Cup 2008"]
[Site "Helsingør DEN"]
[Date "2008.07.22"]
[Round "5.20"]
[White "Vanparys, Philip"]
[Black "Tania, Sachdev"]
[Result "0-1"]
[WhiteElo "2199"]
[BlackElo "2432"]
[PlyCount "54"]
[EventDate "2008.07.20"]
[EventType "swiss"]
[EventRounds "9"]
[EventCountry "DEN"]
[Source "lmi"]
[SourceDate "2008.07.20"]
[WhiteTeam "TSM Schaakclub"]

1. Nf3 Nf6 2. d4 e6 3. e3 b6 4. Bd3 Bb7 5. O-O Be7 6. c4 O-O 7. Nc3 d5 8. cxd5
exd5 9. b3 Nbd7 10. Bb2 a6 11. Ne5 Bd6 12. f4 Ne4 13. Qh5 Ndf6 14. Qh4 Be7 15.
Ne2 Ne8 16. Qh3 N8d6 17. Rac1 Bf6 18. Ba3 Bc8 19. g4 g6 20. Bxe4 dxe4 21. Ng3
Bb7 22. g5 Bg7 23. Rf2 Re8 24. Rd2 Nb5 25. Bb4 a5 26. Qf1 Ba6 27. Nxf7 Qd5 0-1

[Event "Politiken Cup 2008"]
[Site "Helsingør DEN"]
[Date "2008.07.22"]
[Round "5.21"]
[White "Moor, Olivier"]
[Black "Krasenkova, Ilena"]
[Result "1-0"]
[WhiteElo "2388"]
[BlackElo "2171"]
[PlyCount "137"]
[EventDate "2008.07.20"]
[EventType "swiss"]
[EventRounds "9"]
[EventCountry "DEN"]
[Source "lmi"]
[SourceDate "2008.07.20"]

1. d4 Nf6 2. c4 g6 3. d5 Bg7 4. Nc3 d6 5. e4 c6 6. Be2 Nbd7 7. Be3 Nc5 8. Bd4
e5 9. dxe6 Nxe6 10. Be3 Qe7 11. f3 O-O 12. Nh3 Nc5 13. Nf2 Be6 14. Rc1 Rad8 15.
O-O b6 16. b4 d5 17. cxd5 cxd5 18. bxc5 d4 19. Bxd4 Nxe4 20. Ncxe4 Bxd4 21. Qc2
bxc5 22. Bc4 Bf5 23. Rfe1 Qh4 24. g3 Qh6 25. Rcd1 Rb8 26. Qc1 Qg7 27. Bb3 Rb6
28. Kg2 h6 29. Qf4 Kh7 30. Qc7 c4 31. Qxc4 Bxf2 32. Nxf2 Be6 33. Qd4 Bxb3 34.
axb3 Qxd4 35. Rxd4 Rxb3 36. Ra4 Rb7 37. Rea1 Ra8 38. R1a2 Kg7 39. Ne4 Rd7 40.
g4 f5 41. gxf5 gxf5 42. Ng3 Rf7 43. Ra6 f4 44. Nh5+ Kh7 45. R2a4 Rg8+ 46. Kf2
Rgf8 47. Rxa7 Rxa7 48. Rxa7+ Kg6 49. Ra5 Rf7 50. Kg2 Rf8 51. Kh3 Rf7 52. Kg4
Rb7 53. Nxf4+ Kh7 54. Ra6 Rg7+ 55. Kf5 Rf7+ 56. Rf6 Ra7 57. Re6 Rf7+ 58. Ke5
Ra7 59. h4 Rb7 60. h5 Ra7 61. Nd5 Ra5 62. Re7+ Kh8 63. f4 Rb5 64. f5 Rb1 65. f6
Kg8 66. Rd7 Rf1 67. Nf4 Kf8 68. Ng6+ Ke8 69. Re7+ 1-0

[Event "Politiken Cup 2008"]
[Site "Helsingør DEN"]
[Date "2008.07.22"]
[Round "5.22"]
[White "Laursen, Niels Norskov"]
[Black "Jepson, Christian"]
[Result "0-1"]
[WhiteElo "2190"]
[BlackElo "2358"]
[PlyCount "94"]
[EventDate "2008.07.20"]
[EventType "swiss"]
[EventRounds "9"]
[EventCountry "DEN"]
[Source "lmi"]
[SourceDate "2008.07.20"]
[WhiteTeam "K41"]
[BlackTeam "Limhamn"]

1. e4 e5 2. Nf3 Nc6 3. d4 exd4 4. Nxd4 Bb4+ 5. c3 Bc5 6. Nb3 Bb6 7. a4 a6 8. g3
Qf6 9. Qe2 d6 10. Be3 Bxe3 11. Qxe3 Qe7 12. Bg2 f5 13. N1d2 Nh6 14. O-O O-O 15.
f4 Bd7 16. Rae1 Rfe8 17. Kh1 Kh8 18. Qg1 Qf7 19. exf5 Nxf5 20. Qf2 Rxe1 21.
Rxe1 Re8 22. Rxe8+ Bxe8 23. Qe2 Bd7 24. Kg1 h6 25. Nc1 Nd8 26. b3 Qf6 27. Ne4
Qe6 28. a5 Nc6 29. b4 Nd8 30. c4 Nc6 31. Na2 d5 32. cxd5 Qxd5 33. Nc5 Qd4+ 34.
Qf2 Qd1+ 35. Qf1 Qd4+ 36. Qf2 Qa1+ 37. Bf1 Bc8 38. Qd2 Nfd4 39. Kf2 b6 40. Nxa6
bxa5 41. b5 Nb3 42. Qe2 Ncd4 43. Qe8+ Kh7 44. Bd3+ Bf5 45. Bxf5+ Nxf5 46. Qe2
Nfd4 47. Qd2 Qh1 0-1

[Event "Politiken Cup 2008"]
[Site "Helsingør DEN"]
[Date "2008.07.22"]
[Round "5.24"]
[White "Vul, Arkadi Eremeevich"]
[Black "Schnabel, Andreas"]
[Result "1-0"]
[WhiteElo "2332"]
[BlackElo "2153"]
[PlyCount "75"]
[EventDate "2008.07.20"]
[EventType "swiss"]
[EventRounds "9"]
[EventCountry "DEN"]
[Source "lmi"]
[SourceDate "2008.07.20"]
[BlackTeam "SC Grunbach"]

1. Nf3 Nf6 2. c4 g6 3. g3 Bg7 4. Bg2 d5 5. d4 O-O 6. O-O Nc6 7. Ne5 dxc4 8.
Nxc6 bxc6 9. Na3 c3 10. bxc3 Nd5 11. Bd2 e5 12. c4 Ne7 13. dxe5 Bxe5 14. Bh6
Bxa1 15. Qxa1 Nf5 16. Bxf8 Qxf8 17. Nb5 Rb8 18. Nxa7 Ba6 19. Nxc6 Re8 20. Ne5
Qg7 21. f4 Ne3 22. Bd5 Nxd5 23. cxd5 f6 24. Ng4 Rxe2 25. Rf2 Qe7 26. Qxf6 Re1+
27. Kg2 Qxf6 28. Nxf6+ Kf7 29. Ng4 Bc4 30. Rd2 Ra1 31. Ne3 Bxa2 32. Rc2 Bb3 33.
Rxc7+ Kg8 34. Rb7 Ra2+ 35. Kh3 Bc2 36. Nxc2 Rxc2 37. d6 Rd2 38. d7 1-0

[Event "Politiken Cup 2008"]
[Site "Helsingør DEN"]
[Date "2008.07.22"]
[Round "5.25"]
[White "Akdag, Dara"]
[Black "Marusenko, Petr"]
[Result "0-1"]
[WhiteElo "2172"]
[BlackElo "2327"]
[PlyCount "70"]
[EventDate "2008.07.20"]
[EventType "swiss"]
[EventRounds "9"]
[EventCountry "DEN"]
[Source "lmi"]
[SourceDate "2008.07.20"]
[WhiteTeam "BMS"]

1. d4 Nf6 2. c4 e6 3. Nc3 Bb4 4. Qc2 d5 5. e3 O-O 6. Nf3 c5 7. a3 Bxc3+ 8. bxc3
Nc6 9. Bd3 dxc4 10. Bxc4 Qc7 11. O-O e5 12. h3 e4 13. Ng5 Na5 14. Ba2 Bf5 15.
f3 Rae8 16. fxe4 Bg6 17. Rf5 cxd4 18. exd4 Bxf5 19. exf5 Re1+ 20. Kf2 Rh1 21.
Nf3 Re8 22. Bf4 Qxf4 23. Rxh1 Ne4+ 24. Kg1 Qe3+ 25. Kh2 Qf4+ 26. Kg1 Ng3 27.
Ne5 Re7 28. Qd3 Nc6 29. Bb1 Qc1+ 30. Kh2 Qxh1+ 31. Kxg3 Qe1+ 32. Kh2 Nxe5 33.
dxe5 Qxe5+ 34. Kh1 Qe3 35. Qc2 Qg3 0-1

[Event "Politiken Cup 2008"]
[Site "Helsingør DEN"]
[Date "2008.07.22"]
[Round "5.26"]
[White "Ofstad, Per"]
[Black "Carstensen, Jacob"]
[Result "0-1"]
[WhiteElo "2141"]
[BlackElo "2309"]
[PlyCount "64"]
[EventDate "2008.07.20"]
[EventType "swiss"]
[EventRounds "9"]
[EventCountry "DEN"]
[Source "lmi"]
[SourceDate "2008.07.20"]
[WhiteTeam "Fredrikstad"]
[BlackTeam "Brønshøj"]

1. e4 c5 2. Nc3 Nc6 3. f4 g6 4. Nf3 Bg7 5. Bc4 e6 6. d3 Nge7 7. Bb3 d5 8. O-O
a6 9. Qe1 O-O 10. Bd2 b5 11. a3 c4 12. Ba2 a5 13. Nd1 b4 14. Bb1 dxe4 15. dxe4
c3 16. bxc3 bxa3 17. Nf2 Ba6 18. Nd3 Qc7 19. Qh4 Rad8 20. Rxa3 Bc4 21. Be3 Na7
22. Qf2 Nb5 23. Bb6 Qb7 24. Ra4 Rc8 25. Bc5 Bxd3 26. cxd3 Nxc3 27. Rxa5 Nc6 28.
Ra1 Nxe4 29. dxe4 Bxa1 30. Bxf8 Rxf8 31. e5 Rd8 32. Ng5 Bd4 0-1

[Event "Politiken Cup 2008"]
[Site "Helsingør DEN"]
[Date "2008.07.22"]
[Round "5.27"]
[White "Koenig, Dirk"]
[Black "Moen, Andreas"]
[Result "0-1"]
[WhiteElo "2106"]
[BlackElo "2297"]
[PlyCount "86"]
[EventDate "2008.07.20"]
[EventType "swiss"]
[EventRounds "9"]
[EventCountry "DEN"]
[Source "lmi"]
[SourceDate "2008.07.20"]
[WhiteTeam "SC Grunbach"]
[BlackTeam "OSS"]

1. e4 c5 2. f4 a6 3. Nf3 b5 4. a4 Bb7 5. axb5 Bxe4 6. bxa6 Bb7 7. Nc3 Nxa6 8.
Bc4 Nf6 9. O-O e6 10. f5 Be7 11. fxe6 fxe6 12. Qe2 Nc7 13. Rxa8 Bxa8 14. d4
Bxf3 15. Qxf3 cxd4 16. Ne2 d5 17. Bb3 O-O 18. Nxd4 Bc5 19. Be3 Ne4 20. Qe2
Rxf1+ 21. Qxf1 Qb8 22. Kh1 Qb6 23. Qd3 Kh8 24. c4 e5 25. Nf5 g6 26. Bxc5 Qxc5
27. Qe3 gxf5 28. Qxc5 Nxc5 29. Bc2 Ne4 30. cxd5 Nxd5 31. Bb1 Nd6 32. Kg1 Kg7
33. Kf2 h6 34. Ba2 Nb4 35. Bb1 Kf6 36. Kf3 Kg5 37. g3 Nc4 38. Ke2 Nxb2 39. Kd2
e4 40. h3 Nc4+ 41. Ke2 h5 42. g4 hxg4 43. hxg4 Kxg4 0-1

[Event "Politiken Cup 2008"]
[Site "Helsingør DEN"]
[Date "2008.07.22"]
[Round "5.28"]
[White "Den Heeten, Djurre"]
[Black "Gajic, Mladen"]
[Result "1-0"]
[WhiteElo "2278"]
[BlackElo "2135"]
[PlyCount "107"]
[EventDate "2008.07.20"]
[EventType "swiss"]
[EventRounds "9"]
[EventCountry "DEN"]
[Source "lmi"]
[SourceDate "2008.07.20"]
[WhiteTeam "SV De Wijker Toren"]
[BlackTeam "Lask"]

1. d4 d5 2. Bg5 c6 3. e3 Qb6 4. Qc1 Bf5 5. Nd2 Nd7 6. Ngf3 h6 7. Bf4 Ngf6 8.
Be2 e6 9. O-O c5 10. Re1 Bd6 11. Be5 cxd4 12. Bxd4 Qc7 13. c4 e5 14. Bc3 e4 15.
Nd4 Bxh2+ 16. Kh1 Bg4 17. cxd5 Qe5 18. Nf1 Qh5 19. Nxh2 Bxe2 20. Rxe2 O-O 21.
f3 Nxd5 22. Qe1 exf3 23. gxf3 Rfe8 24. Rd1 a6 25. Nc2 Nc5 26. Rd4 Ne6 27. Rh4
Qg6 28. Rg2 Qd3 29. Rd2 Qb5 30. Nd4 Nxd4 31. Bxd4 Ne7 32. Ng4 Nf5 33. Rh5 Rad8
34. Rg2 Kf8 35. Rxf5 Qxf5 36. Qb4+ Re7 37. Bxg7+ Kxg7 38. Qxe7 Rd1+ 39. Kh2
Qh5+ 40. Kg3 Qg6 41. Qe5+ Kf8 42. Qh8+ Ke7 43. Qxh6 Qb1 44. Qf6+ Ke8 45. Rh2
Rg1+ 46. Kf4 Rxg4+ 47. fxg4 Qf1+ 48. Kg5 Qb5+ 49. Qf5 Qb6 50. Rh8+ Ke7 51. Qe5+
Kd7 52. Qd4+ Kc7 53. Qd8+ Kc6 54. Rh6+ 1-0

[Event "Politiken Cup 2008"]
[Site "Helsingør DEN"]
[Date "2008.07.22"]
[Round "5.30"]
[White "Skovgaard, Peter"]
[Black "Tallaksen, Levi Andre"]
[Result "1-0"]
[WhiteElo "2255"]
[BlackElo "2045"]
[PlyCount "89"]
[EventDate "2008.07.20"]
[EventType "swiss"]
[EventRounds "9"]
[EventCountry "DEN"]
[Source "lmi"]
[SourceDate "2008.07.20"]
[WhiteTeam "BMS"]
[BlackTeam "Porsgrund"]

1. e4 e5 2. Nf3 d6 3. d4 Nd7 4. Nc3 Be7 5. Bc4 c6 6. a4 a5 7. h3 Ngf6 8. O-O
O-O 9. dxe5 dxe5 10. Qe2 Qc7 11. Bg5 h6 12. Bh4 Nc5 13. Bg3 Bd6 14. Nh4 Re8 15.
Rad1 Bd7 16. Qe3 Rad8 17. Rxd6 Qxd6 18. Rd1 Qc7 19. Qxc5 b6 20. Qe3 Bc8 21.
Rxd8 Qxd8 22. Nf3 Nd7 23. Ne2 Qe7 24. Nc1 Kh7 25. Nd3 f6 26. Nh4 Rd8 27. Nf5
Qf8 28. Kh2 Bb7 29. f4 g6 30. Nh4 g5 31. fxg5 hxg5 32. Nf5 c5 33. Qf3 Kg6 34.
Ne3 Qe7 35. Bd5 Bxd5 36. exd5 Rh8 37. c4 Nf8 38. Qf5+ Kf7 39. Nxe5+ Kg8 40.
N5g4 Kf7 41. d6 Qe6 42. Ne5+ Kg7 43. d7 Qe7 44. Nd5 Qd8 45. Nxf6 1-0

[Event "Politiken Cup 2008"]
[Site "Helsingør DEN"]
[Date "2008.07.22"]
[Round "5.31"]
[White "Gardarsson, Hordur"]
[Black "Brunello, Sabino"]
[Result "0-1"]
[WhiteElo "1943"]
[BlackElo "2482"]
[PlyCount "70"]
[EventDate "2008.07.20"]
[EventType "swiss"]
[EventRounds "9"]
[EventCountry "DEN"]
[Source "lmi"]
[SourceDate "2008.07.20"]

1. d4 Nf6 2. c4 e6 3. g3 d5 4. Bg2 dxc4 5. Nf3 Bb4+ 6. Bd2 a5 7. O-O O-O 8. Qc2
b5 9. a4 c6 10. e4 Bxd2 11. Nbxd2 Na6 12. Rfd1 Nb4 13. Qb1 h6 14. h3 Ba6 15.
Bf1 Qb6 16. Be2 Rfd8 17. axb5 cxb5 18. Nf1 Bb7 19. e5 Be4 20. Qc1 Nfd5 21. Ne3
a4 22. Ng4 Nd3 23. Bxd3 Bxf3 24. Rd2 Bxg4 25. hxg4 cxd3 26. Rxd3 Nb4 27. Rf3
Rxd4 28. g5 hxg5 29. Qxg5 Qd8 30. Qh5 g6 31. Qh6 Nc2 32. Rf1 Rd1 33. Qf4 Rxf1+
34. Kxf1 Qd1+ 35. Kg2 Ne1+ 0-1

[Event "Politiken Cup 2008"]
[Site "Helsingør DEN"]
[Date "2008.07.22"]
[Round "5.33"]
[White "Struch, Thomas"]
[Black "Hansen, Torbjorn Ringdal"]
[Result "1/2-1/2"]
[WhiteElo "2149"]
[BlackElo "2423"]
[PlyCount "132"]
[EventDate "2008.07.20"]
[EventType "swiss"]
[EventRounds "9"]
[EventCountry "DEN"]
[Source "lmi"]
[SourceDate "2008.07.20"]
[WhiteTeam "Gladsaxe"]
[BlackTeam "SK 1911"]

1. e4 e5 2. Nf3 Nc6 3. Bb5 a6 4. Bxc6 dxc6 5. O-O Bg4 6. h3 Bh5 7. g4 Bg6 8.
Nxe5 f6 9. Nxg6 hxg6 10. Qf3 Qd7 11. d3 O-O-O 12. Kg2 Bd6 13. Nc3 Ne7 14. Bf4
Bxf4 15. Qxf4 g5 16. Qe3 Ng6 17. Ne2 Nh4+ 18. Kg1 Rh6 19. f4 gxf4 20. Nxf4 Rdh8
21. Kf2 g5 22. Nh5 Kb8 23. Kg1 Qe6 24. Qg3 Qe7 25. c3 Ng6 26. Rxf6 Rxh5 27.
gxh5 Nf4 28. Rxf4 gxf4 29. Qxf4 Qc5+ 30. d4 Qxh5 31. Qg4 Qb5 32. Qg2 Qd3 33.
Kh2 c5 34. d5 Qe3 35. Rf1 Re8 36. Qf3 Qh6 37. Qf4 Qg6 38. Rg1 Qh7 39. e5 Qd3
40. c4 Qe2+ 41. Rg2 Qxe5 42. Qxe5 Rxe5 43. Rg8+ Ka7 44. b3 b5 45. a4 bxc4 46.
bxc4 Kb6 47. Rg6+ Ka5 48. Rc6 Kb4 49. Rxc7 Kxc4 50. d6 Rd5 51. d7 Kb4 52. Kg3
Kxa4 53. h4 Kb5 54. h5 Kb6 55. Rc8 Rxd7 56. Kg4 Kb5 57. h6 c4 58. Kg5 Kb4 59.
Kg6 c3 60. h7 Rxh7 61. Kxh7 Kb3 62. Rb8+ Ka2 63. Ra8 c2 64. Rxa6+ Kb2 65. Rc6
c1=R 66. Rxc1 Kxc1 1/2-1/2

[Event "Politiken Cup 2008"]
[Site "Helsingør DEN"]
[Date "2008.07.22"]
[Round "5.34"]
[White "Bulski, Krzysztof"]
[Black "Rosenkilde, Alexander"]
[Result "1-0"]
[WhiteElo "2388"]
[BlackElo "2156"]
[PlyCount "59"]
[EventDate "2008.07.20"]
[EventType "swiss"]
[EventRounds "9"]
[EventCountry "DEN"]
[Source "lmi"]
[SourceDate "2008.07.20"]
[WhiteTeam "Hetman Katowice-Szopienice"]
[BlackTeam "Taastrup"]

1. e4 c5 2. Nf3 Nc6 3. d4 cxd4 4. Nxd4 Nf6 5. Nc3 e5 6. Ndb5 d6 7. Bg5 a6 8.
Na3 b5 9. Nd5 Be7 10. Bxf6 Bxf6 11. c3 O-O 12. Nc2 Bg5 13. a4 bxa4 14. Rxa4 a5
15. Bc4 Rb8 16. Ra2 Kh8 17. Nce3 g6 18. h4 Bxh4 19. g3 Be7 20. b3 f5 21. f4 Rb7
22. Rah2 Bf6 23. exf5 gxf5 24. Qh5 Rff7 25. Nxf6 Qxf6 26. Bxf7 Rxf7 27. Qh6 Qd8
28. Qxh7+ Rxh7 29. Rxh7+ Kg8 30. Rh8+ 1-0